Neúspešný slovenský víkend Stredoeurópska liga volejbalistiek a volejbalistov

Bibliographic Details
Format: Article
Language:Slovak
PhysicalDescription:Tab.
ISSN:0139-7001
Subjects:
Online Access:http://denniksport.sk/article/156251/neuspesny-slovensky-vikend

MARC

LEADER 00000nab a2200000 ar4500
001 vtls010198644
003 SK-MaSNL
005 20260303192607.0
008 101216c20101206xo |||||||||||000 b|slo
015 |a SNBRB2010/12  |2 snkbucl 
038 |a SNKBUCL 
040 |a SNKBUCL  |b slo  |c SNKBUCL  |e AACR2 
041 0 |a slo 
044 |a xo  |c SK 
080 |a 796.325.093.1  |x (4)  |2 2001 
245 0 0 |a Neúspešný slovenský víkend  |b Stredoeurópska liga volejbalistiek a volejbalistov 
300 |b Tab. 
648 7 |a 2010  |2 snkbucl  |9 324355 
650 0 7 |a volejbal  |2 snkbucl  |9 3294 
650 0 7 |a Európska liga  |2 snkbucl  |9 872933 
773 0 |t Šport  |g Roč. 64, č. 280 (6.12.2010), s. 36  |x 0139-7001 
852 |a SNK  |b KIS3GCP 
856 4 1 |u http://denniksport.sk/article/156251/neuspesny-slovensky-vikend 
999 |c 2147259  |d 2149189